[Event "FICGS rapid A 000107 email"]
[Site "FICGS email"]
[Date "2011.06.28"]
[Round "1"]
[White "Magitz, Aaral"]
[Black "Soszynski, Marek J"]
[Result "1/2-1/2"]
[WhiteElo "1979"]
[BlackElo "2088"]
[PlyCount "118"]
[EventDate "2011.??.??"]
[EventType "tourn (rapid)"]
[EventRounds "1"]
[SourceTitle "Corr 2013"]
[Source "ChessBase"]
[SourceDate "2012.11.12"]
[SourceVersion "1"]
[SourceVersionDate "2012.11.12"]
[SourceQuality "1"]

1. e4 e5 2. Nf3 d6 3. d4 exd4 4. Nxd4 g6 5. Nc3 Bg7 6. Bc4 Nc6 7. Nxc6 bxc6 8. 0-0 Ne7 9. Bg5 0-0 10. Rb1 Be6 11. Bxe6 fxe6 12. Qd3 c5 13. f4 Qd7 14. e5 Nf5 15. g4 c4 16. Qd2 Nh6 17. h3 Qc6 18. Be7 Rfe8 19. Bf6 Nf7 20. Bxg7 Kxg7 21. exd6 cxd6 22. Qd4+ e5 23. fxe5 dxe5 24. Qe3 Qb6 25. Qxb6 axb6 26. Kg2 Red8 27. a3 Rd4 28. Rbe1 Rh8 29. Ne4 h5 30. g5 h4 31. Kf3 Rf8 32. Ke3 Ra8 33. Re2 c3 34. b3 Rxa3 35. Ref2 Ra7 36. Rf6 b5 37. Rb6 b4 38. Rff6 Kh7 39. Kf3 Rd1 40. Rxb4 Rg1 41. Rc6 Kg7 42. Rxc3 Nxg5+ 43. Kf2 Raa1 44. Nxg5 Raf1+ 45. Ke3 Re1+ 46. Kd3 Rd1+ 47. Ke4 Rxg5 48. Re3 Kf6 49. Rc4 Rf5 50. Rc6+ Kg5 51. Re2 Rd4+ 52. Ke3 Rff4 53. Rg2+ Kf5 54. Rcxg6 Rfe4+ 55. Kf2 Rf4+ 56. Kg1 Rd1+ 57. Kh2 Rff1 58. R6g5+ Kf6 59. Rg6+ Kf5 1/2-1/2

[Event "FICGS class B 000148 email"]
[Site "FICGS email"]
[Date "2011.06.24"]
[Round "1"]
[White "Magitz, Aaral"]
[Black "Muller, Henrique"]
[Result "0-1"]
[WhiteElo "1979"]
[BlackElo "1938"]
[PlyCount "32"]
[EventDate "2011.??.??"]
[EventType "tourn (corr)"]
[EventRounds "1"]
[SourceTitle "Corr 2013"]
[Source "ChessBase"]
[SourceDate "2012.11.12"]
[SourceVersion "1"]
[SourceVersionDate "2012.11.12"]
[SourceQuality "1"]

1. e4 c5 2. Nf3 d6 3. Bc4 Nf6 4. Nc3 e6 5. d4 cxd4 6. Nxd4 a6 7. 0-0 b5 8. Bb3 Be7 9. Qf3 Qc7 10. Qg3 0-0 11. Bh6 Ne8 12. Rad1 Bd7 13. a3 Nc6 14. Nf3 Na5 15. e5 Nxb3 16. cxb3 dxe5 0-1

[Event "FICGS rapid A 000105 email"]
[Site "FICGS email"]
[Date "2011.05.25"]
[Round "1"]
[White "Magitz, Aaral"]
[Black "Dialfonso, Darren"]
[Result "0-1"]
[WhiteElo "1979"]
[BlackElo "1976"]
[PlyCount "154"]
[EventDate "2011.??.??"]
[EventType "tourn (rapid)"]
[EventRounds "6"]
[SourceTitle "Corr 2013"]
[Source "ChessBase"]
[SourceDate "2012.11.12"]
[SourceVersion "1"]
[SourceVersionDate "2012.11.12"]
[SourceQuality "1"]

1. e4 c5 2. Nf3 d6 3. Bb5+ Bd7 4. Bxd7+ Qxd7 5. d4 cxd4 6. Qxd4 Nc6 7. Qd3 g6 8. 0-0 Bg7 9. Nc3 Nf6 10. h3 0-0 11. Rd1 Rfd8 12. Nd5 Rac8 13. Qe2 Na5 14. Nd4 Re8 15. Nc3 Qc7 16. Rb1 a6 17. a4 e6 18. Qd3 Red8 19. Qf3 Rd7 20. Bg5 Ne8 21. Bc1 Nc4 22. Nde2 Na3 23. bxa3 Bxc3 24. Bh6 Bg7 25. Bf4 Be5 26. Rd3 Bxf4 27. Rc3 Qb8 28. Qxf4 Rxc3 29. Nxc3 Qc8 30. Rb3 Rc7 31. Qf3 Kg7 32. Qe3 Nf6 33. e5 dxe5 34. Qxe5 Rc5 35. Qd4 Rc4 36. Qe5 b6 37. Kf1 Qd8 38. Qe3 Qc7 39. Kg1 h6 40. Qd3 Qc5 41. Qd2 Nh5 42. Qd3 Nf4 43. Qf3 Qc7 44. h4 Qe5 45. Qe3 Qxe3 46. fxe3 Rxc3 47. exf4 Rxb3 48. cxb3 Kf6 49. b4 g5 50. fxg5+ hxg5 51. h5 g4 52. Kf2 Kg5 53. Ke3 Kxh5 54. g3 Kg5 55. Ke4 f5+ 56. Ke5 f4 57. gxf4+ Kh4 58. Kd6 g3 59. Kc6 g2 60. Kxb6 g1Q+ 61. Kxa6 Qg6 62. Kb7 Qd3 63. b5 Qe4+ 64. Kb6 Qxa4 65. Kc5 Qxa3+ 66. Kc6 Qa4 67. Kc5 Qxf4 68. b6 e5 69. b7 e4 70. Kd4 e3+ 71. Kd3 Kg4 72. b8Q Qxb8 73. Kxe3 Qb4 74. Kd3 Kf3 75. Kc2 Ke3 76. Kc1 Kd3 77. Kd1 Qd2# 0-1

[Event "FICGS rapid A 000104 email"]
[Site "FICGS email"]
[Date "2011.05.09"]
[Round "1"]
[White "Skwarczylo, Marek"]
[Black "Magitz, Aaral"]
[Result "1-0"]
[WhiteElo "1945"]
[BlackElo "1979"]
[PlyCount "189"]
[EventDate "2011.??.??"]
[EventType "tourn (rapid)"]
[EventRounds "6"]
[SourceTitle "Corr 2013"]
[Source "ChessBase"]
[SourceDate "2012.11.12"]
[SourceVersion "1"]
[SourceVersionDate "2012.11.12"]
[SourceQuality "1"]

1. d4 d5 2. Nf3 Nf6 3. c4 e6 4. Nc3 Be7 5. Bf4 0-0 6. e3 Nbd7 7. c5 Nh5 8. Bd3 Nxf4 9. exf4 b6 10. b4 a5 11. a3 c6 12. 0-0 Qc7 13. Qd2 Ba6 14. Bxa6 Rxa6 15. Qe2 Ra7 16. f5 e5 17. dxe5 axb4 18. axb4 Rxa1 19. Rxa1 bxc5 20. b5 d4 21. bxc6 Qxc6 22. Qe4 Qxe4 23. Nxe4 Rd8 24. g4 Nb6 25. Kg2 Bf8 26. Nfd2 Rc8 27. Rb1 Nd5 28. Nc4 Ra8 29. Rb7 Ra4 30. Rd7 Nf4+ 31. Kf3 Nd3 32. Ned6 Ra2 33. Rd8 Rxf2+ 34. Kg3 h5 35. gxh5 Re2 36. Nc8 Nxe5 37. Ne7+ Kh7 38. Rxf8 Nd7 39. Rxf7 Nf6 40. Ng6 Nxh5+ 41. Kf3 Re8 42. Rf8 Nf6 43. Rxe8 Nxe8 44. Nf4 Kh6 45. Ne6 g6 46. fxg6 Kxg6 47. Nxc5 Kg5 48. Ne6+ Kh4 49. Kg2 Kg4 50. Nxd4 Nf6 51. h3+ Kf4 52. Ne2+ Kg5 53. Nd2 Nh5 54. Nf3+ Kg6 55. Kf2 Kf6 56. Ke3 Kf5 57. Nh4+ Kg5 58. Ng2 Nf6 59. Kf3 Nd7 60. h4+ Kg6 61. Kg3 Kf6 62. Nef4 Ne5 63. Ne3 Nf7 64. Kh3 Kg7 65. Kg4 Nh6+ 66. Kg5 Nf7+ 67. Kf5 Nd6+ 68. Ke5 Nf7+ 69. Ke6 Nd8+ 70. Kd7 Nb7 71. Ke7 Kh8 72. Nf5 Na5 73. Kf8 Nc6 74. Ng6+ Kh7 75. Kf7 Nd8+ 76. Kf6 Nc6 77. h5 Nd8 78. Nf8+ Kg8 79. h6 Kxf8 80. h7 Nf7 81. Nh4 Nh8 82. Ng6+ Nxg6 83. Kxg6 Ke7 84. h8Q Kd6 85. Qc8 Kd5 86. Qc7 Kd4 87. Qc6 Ke3 88. Qc4 Kd2 89. Kf5 Ke3 90. Qc3+ Kf2 91. Qd3 Kg1 92. Qd2 Kf1 93. Kf4 Kg1 94. Kg3 Kf1 95. Qd1# 1-0

[Event "FICGS class B 000144 email"]
[Site "FICGS email"]
[Date "2011.04.13"]
[Round "1"]
[White "Lemstra, Bart"]
[Black "Magitz, Aaral"]
[Result "0-1"]
[WhiteElo "1800"]
[BlackElo "2000"]
[PlyCount "32"]
[EventDate "2011.??.??"]
[EventType "tourn (corr)"]
[EventRounds "6"]
[SourceTitle "Corr 2013"]
[Source "ChessBase"]
[SourceDate "2012.11.12"]
[SourceVersion "1"]
[SourceVersionDate "2012.11.12"]
[SourceQuality "1"]

1. d4 d5 2. c4 e6 3. Nc3 Nf6 4. cxd5 exd5 5. Bg5 c6 6. Qc2 Bd6 7. e3 0-0 8. Bd3 h6 9. Bh4 Re8 10. Nge2 Na6 11. Bxa6 bxa6 12. Rc1 Rb8 13. h3 a5 14. 0-0 Ba6 15. Rfd1 Bb4 16. Bg3 Rc8 0-1

[Event "FICGS class A 000093 email"]
[Site "FICGS email"]
[Date "2011.04.10"]
[Round "1"]
[White "Carrizo, Jose Luis"]
[Black "Magitz, Aaral"]
[Result "1/2-1/2"]
[WhiteElo "2142"]
[BlackElo "2000"]
[PlyCount "45"]
[EventDate "2011.??.??"]
[EventType "tourn (corr)"]
[EventRounds "6"]
[SourceTitle "Corr 2013"]
[Source "ChessBase"]
[SourceDate "2012.11.12"]
[SourceVersion "1"]
[SourceVersionDate "2012.11.12"]
[SourceQuality "1"]

1. e4 e6 2. d4 d5 3. Nc3 Nf6 4. Bg5 Be7 5. e5 Nfd7 6. Bxe7 Qxe7 7. f4 0-0 8. Nf3 c5 9. Qd2 Nc6 10. dxc5 Rd8 11. Qe3 Qxc5 12. Qxc5 Nxc5 13. a3 Bd7 14. Kf2 Rac8 15. Rc1 f6 16. exf6 gxf6 17. Bd3 a5 18. Rhe1 Ne7 19. g3 h5 20. Ne2 Nc6 21. Nc3 Ne7 22. Ne2 Nc6 23. Nc3 1/2-1/2

[Event "FICGS class A 000093 email"]
[Site "FICGS email"]
[Date "2011.04.10"]
[Round "1"]
[White "Magitz, Aaral"]
[Black "Vedovotto, Nicolas"]
[Result "0-1"]
[WhiteElo "2000"]
[BlackElo "2000"]
[PlyCount "62"]
[EventDate "2011.??.??"]
[EventType "tourn (corr)"]
[EventRounds "6"]
[SourceTitle "Corr 2022"]
[Source "ChessBase"]
[SourceDate "2021.10.24"]
[SourceVersion "1"]
[SourceVersionDate "2021.10.24"]
[SourceQuality "1"]

1. d4 d5 2. Nf3 c6 3. c4 e6 4. e3 Nf6 5. Bd3 Nbd7 6. Nbd2 Bd6 7. 0-0 0-0 8. e4 e5 9. cxd5 cxd5 10. Re1 Qc7 11. exd5 exd4 12. Nb3 Nxd5 13. Nbxd4 Qb6 14. a4 a5 15. Bc4 N7f6 16. Bg5 h6 17. Bh4 Bd7 18. Ne5 Bxe5 19. Rxe5 Qc7 20. Rxd5 Qxc4 21. Rd6 Qb4 22. Nf3 Bg4 23. Bxf6 Bxf3 24. gxf3 gxf6 25. Qd3 Rfe8 26. Rd4 Re1+ 27. Rxe1 Qxe1+ 28. Kg2 Kh8 29. Rg4 Rg8 30. Rxg8+ Kxg8 31. Qd4 Qe5 0-1

[Event "FICGS class A 000093 email"]
[Site "FICGS email"]
[Date "2011.04.10"]
[Round "1"]
[White "Sanchez, Carlos Alberto"]
[Black "Magitz, Aaral"]
[Result "1-0"]
[WhiteElo "2000"]
[BlackElo "2000"]
[PlyCount "41"]
[EventDate "2011.??.??"]
[EventType "tourn (corr)"]
[EventRounds "6"]
[SourceTitle "Corr 2013"]
[Source "ChessBase"]
[SourceDate "2012.11.12"]
[SourceVersion "1"]
[SourceVersionDate "2012.11.12"]
[SourceQuality "1"]

1. e4 e5 2. Bc4 Nf6 3. d4 exd4 4. Nf3 Nxe4 5. Qxd4 Nf6 6. Nc3 Be7 7. 0-0 0-0 8. Re1 Nc6 9. Qd3 Nb4 10. Qe2 d5 11. Qxe7 Nxc2 12. Qxd8 Rxd8 13. Bd3 Nxe1 14. Nxe1 c5 15. Bf4 Be6 16. Nb5 a6 17. Nc7 Rac8 18. Nxe6 fxe6 19. g3 c4 20. Bf1 Re8 21. Bh3 1-0

[Event "FICGS rapid A 000102 email"]
[Site "FICGS email"]
[Date "2011.04.03"]
[Round "1"]
[White "Magitz, Aaral"]
[Black "Sanchez, Carlos Alberto"]
[Result "0-1"]
[WhiteElo "2000"]
[BlackElo "2000"]
[PlyCount "112"]
[EventDate "2011.??.??"]
[EventType "tourn (rapid)"]
[EventRounds "6"]
[SourceTitle "Corr 2013"]
[Source "ChessBase"]
[SourceDate "2012.11.12"]
[SourceVersion "1"]
[SourceVersionDate "2012.11.12"]
[SourceQuality "1"]

1. e4 c5 2. Nf3 d6 3. Bb5+ Bd7 4. Bxd7+ Qxd7 5. d4 cxd4 6. Qxd4 Nf6 7. Nc3 Nc6 8. Qd3 g6 9. h3 Bg7 10. 0-0 0-0 11. Rd1 Rfd8 12. Bg5 Rac8 13. Rab1 h6 14. Bxf6 Bxf6 15. Nd5 Bg7 16. c3 e6 17. Ne3 a6 18. Rd2 b5 19. Rbd1 Qc7 20. Qe2 Na5 21. Ne1 h5 22. N1c2 Nb7 23. f3 Qb6 24. Qf2 Nc5 25. Nf1 a5 26. a3 Rd7 27. Rb1 Be5 28. Rdd1 Qd8 29. Nfe3 Rb7 30. g3 f5 31. exf5 gxf5 32. f4 Ne4 33. Qe2 Bf6 34. Kh2 d5 35. Rg1 b4 36. axb4 axb4 37. Nxb4 d4 38. Rbd1 Qc7 39. Nec2 dxc3 40. bxc3 Qf7 41. Qa6 Rxc3 42. Rg2 Kh7 43. Qe2 Rb3 44. Qc4 Rb2 45. Na6 Bg7 46. Nab4 h4 47. g4 Qc7 48. Qxc7 Rxc7 49. Nd4 Rxb4 50. Nxe6 Re7 51. gxf5 Ng3 52. Re1 Bf6 53. Rd1 Kh6 54. Nf8 Rf7 55. Ng6 Nxf5 56. Ne5 Bxe5 0-1

[Event "FICGS rapid A 000102 email"]
[Site "FICGS email"]
[Date "2011.04.03"]
[Round "1"]
[White "Riha, Josef"]
[Black "Magitz, Aaral"]
[Result "1/2-1/2"]
[WhiteElo "2027"]
[BlackElo "2000"]
[PlyCount "63"]
[EventDate "2011.??.??"]
[EventType "tourn (rapid)"]
[EventRounds "6"]
[SourceTitle "Corr 2013"]
[Source "ChessBase"]
[SourceDate "2012.11.12"]
[SourceVersion "1"]
[SourceVersionDate "2012.11.12"]
[SourceQuality "1"]

1. e4 e5 2. Nf3 Nc6 3. Bb5 a6 4. Ba4 Nf6 5. 0-0 b5 6. Bb3 Bb7 7. d3 Bc5 8. Nc3 0-0 9. a4 b4 10. Nd5 h6 11. Be3 Bd4 12. Nxd4 Nxd4 13. Nxf6+ Qxf6 14. Bc4 Ne6 15. c3 bxc3 16. bxc3 Bc6 17. Qb3 Rab8 18. Qa2 a5 19. f3 d6 20. Rab1 Bd7 21. Bb5 c6 22. Bc4 Nf4 23. Qd2 Be6 24. Bxe6 Nxe6 25. d4 d5 26. exd5 cxd5 27. dxe5 Qxe5 28. f4 Qf5 29. Rbd1 Rfd8 30. Qd3 Qf6 31. Qd2 Qf5 32. Qd3 1/2-1/2

[Event "FICGS W-ch st1 g04 email"]
[Site "FICGS email"]
[Date "2011.04.01"]
[Round "1"]
[White "Ruzin, Mikhail"]
[Black "Magitz, Aaral"]
[Result "1/2-1/2"]
[WhiteElo "1810"]
[BlackElo "2000"]
[PlyCount "81"]
[EventDate "2011.??.??"]
[EventType "tourn (corr)"]
[EventRounds "8"]
[SourceTitle "Corr 2013"]
[Source "ChessBase"]
[SourceDate "2012.11.12"]
[SourceVersion "1"]
[SourceVersionDate "2012.11.12"]
[SourceQuality "1"]

1. d4 Nf6 2. c4 e6 3. Nc3 d5 4. Bg5 Be7 5. e3 0-0 6. Nf3 h6 7. Bh4 b6 8. Rb1 Bb7 9. Bxf6 Bxf6 10. cxd5 exd5 11. b4 c6 12. Qb3 a5 13. bxa5 b5 14. a4 Qxa5 15. axb5 Rc8 16. Be2 cxb5 17. Kd2 Be7 18. Bxb5 Na6 19. Bxa6 Bxa6 20. Rhc1 Ba3 21. Rc2 Bc4 22. Qb6 Qxb6 23. Rxb6 Rcb8 24. Rxb8+ Rxb8 25. Ne2 Rb1 26. Ne5 Bb4+ 27. Nc3 Bb3 28. Nc6 Bxc2 29. Kxc2 Rf1 30. Nxb4 Rxf2+ 31. Kd3 Rxg2 32. h3 Rh2 33. Nbxd5 Rxh3 34. Ke4 Kf8 35. Kf4 h5 36. Ne4 Rh1 37. Ng3 Rh2 38. Kf3 h4 39. Ne4 Rb2 40. Nf4 Rb5 41. d5 1/2-1/2

[Event "FICGS class B 000142 email"]
[Site "FICGS email"]
[Date "2011.03.27"]
[Round "1"]
[White "Baranek, Toni"]
[Black "Magitz, Aaral"]
[Result "0-1"]
[WhiteElo "1800"]
[BlackElo "2000"]
[PlyCount "58"]
[EventDate "2011.??.??"]
[EventType "tourn (corr)"]
[EventRounds "6"]
[SourceTitle "Corr 2013"]
[Source "ChessBase"]
[SourceDate "2012.11.12"]
[SourceVersion "1"]
[SourceVersionDate "2012.11.12"]
[SourceQuality "1"]

1. e4 c5 2. d4 e6 3. Nf3 cxd4 4. Nxd4 Nc6 5. Nc3 Qc7 6. Ndb5 Qb8 7. Qf3 a6 8. Na3 b5 9. Nd1 Nf6 10. Bg5 Qe5 11. Bxf6 gxf6 12. c3 d5 13. Ne3 dxe4 14. Qh3 Bxa3 15. Ng4 Qg5 16. bxa3 e5 17. Be2 h5 18. f3 Be6 19. 0-0 0-0-0 20. fxe4 hxg4 21. Qg3 Rd2 22. Rfe1 Qf4 23. Qxf4 exf4 24. Rad1 Rhd8 25. Rxd2 Rxd2 26. Kf1 Ne5 27. a4 f3 28. gxf3 gxf3 29. Bd1 Bh3+ 0-1

[Event "FICGS class A 000092 email"]
[Site "FICGS email"]
[Date "2011.03.27"]
[Round "1"]
[White "Duenas, Alexis"]
[Black "Magitz, Aaral"]
[Result "1/2-1/2"]
[WhiteElo "2016"]
[BlackElo "2000"]
[PlyCount "85"]
[EventDate "2011.??.??"]
[EventType "tourn (corr)"]
[EventRounds "6"]
[SourceTitle "Corr 2013"]
[Source "ChessBase"]
[SourceDate "2012.11.12"]
[SourceVersion "1"]
[SourceVersionDate "2012.11.12"]
[SourceQuality "1"]

1. d4 d5 2. c4 e6 3. Nc3 Nf6 4. Bg5 Nbd7 5. e3 Be7 6. Nf3 0-0 7. Rc1 c6 8. Bd3 dxc4 9. Bxc4 Nd5 10. Bxe7 Qxe7 11. 0-0 Nxc3 12. Rxc3 e5 13. Bb3 e4 14. Nd2 Nf6 15. Qc2 Bg4 16. Rc5 Nd7 17. Ra5 Rfe8 18. h3 Be6 19. Rc1 h6 20. Bxe6 Qxe6 21. Qc4 a6 22. Qxe6 Rxe6 23. Nc4 g6 24. b4 f5 25. g3 Kf7 26. Ra3 Rf6 27. Kg2 Ke7 28. Rb3 Rff8 29. h4 Ke6 30. Rbc3 Nf6 31. R3c2 Rad8 32. Na5 Rf7 33. a3 Nd5 34. Re1 Rh7 35. Nc4 Rdh8 36. Rh1 Rg7 37. Rcc1 Ra8 38. Rc2 Nf6 39. Rcc1 Rd8 40. Rc2 Nd5 41. Rcc1 Kf6 42. Rc2 Kf7 43. Ne5+ 1/2-1/2

[Event "FICGS class A 000092 email"]
[Site "FICGS email"]
[Date "2011.03.27"]
[Round "1"]
[White "Magitz, Aaral"]
[Black "Cade, Stephen"]
[Result "1/2-1/2"]
[WhiteElo "2000"]
[BlackElo "2079"]
[PlyCount "114"]
[EventDate "2011.??.??"]
[EventType "tourn (corr)"]
[EventRounds "6"]
[SourceTitle "Corr 2022"]
[Source "ChessBase"]
[SourceDate "2021.10.24"]
[SourceVersion "1"]
[SourceVersionDate "2021.10.24"]
[SourceQuality "1"]

1. e4 c5 2. Nf3 g6 3. c4 Bg7 4. d4 cxd4 5. Nxd4 Nc6 6. Be3 Nf6 7. Nc3 0-0 8. Be2 d6 9. 0-0 Bd7 10. a3 Rc8 11. h3 Nxd4 12. Bxd4 Bc6 13. Qd3 b6 14. Rfe1 Nd7 15. Bxg7 Kxg7 16. Qd4+ f6 17. Rad1 Qe8 18. b4 Qf7 19. f4 Rfd8 20. Qe3 h6 21. Nd5 Bb7 22. Rf1 Kh7 23. h4 f5 24. h5 gxh5 25. Qh3 e6 26. Nc3 Rg8 27. Rf2 Bxe4 28. Bxh5 Qe7 29. Nxe4 fxe4 30. Rfd2 Rc6 31. Bg4 Nf8 32. Be2 Nd7 33. b5 Rcc8 34. Rxd6 Nc5 35. Bg4 Rgd8 36. Bf5+ Kg7 37. Qg4+ Kh8 38. Rxd8+ Rxd8 39. Rxd8+ Qxd8 40. Bxe6 Nxe6 41. Qxe6 Qd4+ 42. Kh2 e3 43. Qxh6+ Kg8 44. Qe6+ Kg7 45. Kg3 Qd2 46. Qg4+ Kf8 47. Qf5+ Kg7 48. Qe5+ Kf7 49. Qd5+ Kf6 50. f5 Kg5 51. Kf3 Qf2+ 52. Ke4 e2 53. Qd8+ Kg4 54. Qg8+ Kh4 55. Qh7+ Kg4 56. Qg7+ Kh4 57. Qh6+ Kg4 1/2-1/2

[Event "FICGS class B 000142 email"]
[Site "FICGS email"]
[Date "2011.03.27"]
[Round "1"]
[White "Magitz, Aaral"]
[Black "Romig, James"]
[Result "1/2-1/2"]
[WhiteElo "2000"]
[BlackElo "1800"]
[PlyCount "70"]
[EventDate "2011.??.??"]
[EventType "tourn (corr)"]
[EventRounds "6"]
[SourceTitle "Corr 2013"]
[Source "ChessBase"]
[SourceDate "2012.11.12"]
[SourceVersion "1"]
[SourceVersionDate "2012.11.12"]
[SourceQuality "1"]

1. e4 e5 2. Nf3 Nc6 3. Bb5 a6 4. Ba4 Nf6 5. 0-0 Nxe4 6. Re1 Nc5 7. Bxc6 dxc6 8. Nxe5 Ne6 9. Qh5 Qf6 10. d4 g6 11. Qd1 Bg7 12. Nd2 0-0 13. c3 Qd8 14. Ndf3 Re8 15. h3 a5 16. Qc2 Qd6 17. Nd3 Qd8 18. Bd2 b6 19. Nf4 a4 20. a3 c5 21. d5 Nf8 22. Rxe8 Qxe8 23. Re1 Qb5 24. Ne5 Bf5 25. Qc1 Re8 26. c4 Qb3 27. Bc3 Qc2 28. Qa1 Bxe5 29. Rxe5 Rxe5 30. Bxe5 Qxc4 31. Qd1 Nd7 32. Bxc7 b5 33. Qe1 Qe4 34. Qxe4 Bxe4 35. f3 Bc2 1/2-1/2

[Event "FICGS class A 000092 email"]
[Site "FICGS email"]
[Date "2011.03.27"]
[Round "1"]
[White "Magitz, Aaral"]
[Black "Soszynski, Marek J"]
[Result "1/2-1/2"]
[WhiteElo "2000"]
[BlackElo "2043"]
[PlyCount "118"]
[EventDate "2011.??.??"]
[EventType "tourn (corr)"]
[EventRounds "6"]
[SourceTitle "Corr 2013"]
[Source "ChessBase"]
[SourceDate "2012.11.12"]
[SourceVersion "1"]
[SourceVersionDate "2012.11.12"]
[SourceQuality "1"]

1. e4 e5 2. Nf3 Nc6 3. Bb5 Nf6 4. 0-0 Nxe4 5. d4 Nd6 6. Bxc6 dxc6 7. dxe5 Nf5 8. Qxd8+ Kxd8 9. Nc3 Bd7 10. h3 Kc8 11. g4 Ne7 12. Ng5 Be8 13. Rd1 h6 14. Nge4 Ng6 15. f4 h5 16. Kg2 b6 17. a4 a5 18. Be3 Kb7 19. Kg3 Be7 20. b3 c5 21. g5 Bc6 22. Nd5 Rhd8 23. c4 Bd7 24. Ra2 Bf8 25. Nf2 Be6 26. Bc1 Rd7 27. Ne3 Rxd1 28. Nexd1 Rd8 29. Nc3 Kc8 30. Be3 Re8 31. Kf3 Kd8 32. Rd2+ Bd7 33. Ke2 Kc8 34. Nce4 Bc6 35. Rd3 Nh4 36. Bc1 Nf5 37. Bb2 Bd7 38. Rd1 Rd8 39. Rc1 Bc6 40. Rg1 Nh4 41. Bc3 Kd7 42. Rd1+ Ke8 43. Rxd8+ Kxd8 44. Ng3 Kd7 45. f5 Be7 46. f6 gxf6 47. gxf6 Bf8 48. Nfe4 Nf5 49. Nxc5+ Bxc5 50. Nxf5 Be4 51. Ng3 Bc2 52. Nxh5 Bxb3 53. Kd3 Bxa4 54. h4 Bb3 55. Nf4 Ba2 56. e6+ fxe6 57. f7 Bb1+ 58. Ke2 Bf8 59. Bf6 e5 1/2-1/2